Sahih Bukhari (Record no. 5998)

MARC details
000 -LEADER
fixed length control field 00588nam a2200241 a 4500
020 ## - INTERNATIONAL STANDARD BOOK NUMBER
ISBN
082 00 - DEWEY DECIMAL CLASSIFICATION NUMBER
Classification number 297.1227
Author Cutter BUK
100 ## - MAIN ENTRY--AUTHOR NAME
Author name Bukhari, Imam
245 ## - TITLE STATEMENT
Title Sahih Bukhari
260 ## - PUBLICATION, DISTRIBUTION, ETC. (IMPRINT)
Place of publication Egypt
Name of publisher Aamira Press
Year of publication 1913
500 ## - GENERAL NOTE
General note includes index and biblioraphy
505 2# - FORMATTED CONTENTS NOTE
Formatted contents note Index
505 2# - FORMATTED CONTENTS NOTE
Formatted contents note Index00
650 ## - SUBJECT ADDED ENTRY--TOPICAL TERM
Topical Term Hadith-Bukhari
942 ## - ADDED ENTRY ELEMENTS (KOHA)
Koha item type Books
700 1# -
-- Bukhari, Imam
Holdings
Home library Current library Date acquired Cost, normal purchase price Full call number Accession Number Koha item type
Henry Martyn Institute Library Henry Martyn Institute Library   100.00 297.1227 BUK 06810 Archive Book
Henry Martyn Institute Library Henry Martyn Institute Library 08/19/2016 100.00 297.1227 BUK 013455 Archive Book
                   Copyright © 2026 | Henry Martyn Institute | Hyderabad | TS-500052 | INDIA | Implemented by hmi.edu.in
Hit-Count:

Powered by Koha